Možnosti riešenia dlhodobej nezamestnanosti prostredníctvom dobrovoľníckych aktivít

Možnosti riešenia a zvyšovania zamestnateľnosti a zamestnanosti dlhodobo nezamestnaných prostredníctvom dobrovoľníckych aktivít. Projekty zamerané na dobrovoľníctvo tejto cieľovej skupiny.

Gespeichert in:
Bibliographische Detailangaben
1. Verfasser: Brozmanová Gregorová, Alžbeta
Weitere Verfasser: Jusko, Peter
Format: Buchkapitel
Sprache:Slowakisch
Schlagworte:
Tags: Tag hinzufügen
Keine Tags, Fügen Sie das erste Tag hinzu!

MARC

LEADER 00000naa a2200000 4500
001 0185285
005 20220729111826.0
041 0 |a slo 
044 |a CZ 
245 1 0 |a Možnosti riešenia dlhodobej nezamestnanosti prostredníctvom dobrovoľníckych aktivít  |c Alžbeta Brozmanová Gregorová, Peter Jusko 
520 |a Možnosti riešenia a zvyšovania zamestnateľnosti a zamestnanosti dlhodobo nezamestnaných prostredníctvom dobrovoľníckych aktivít. Projekty zamerané na dobrovoľníctvo tejto cieľovej skupiny. 
610 2 0 |a politika zamestnanosti 
610 2 0 |a nezamestnanosť dlhodobá 
610 2 0 |a nezamestnaní 
610 2 0 |a práca spoločensky užitočná 
610 2 0 |a dobrovoľníctvo 
610 2 0 |a pracovníci dobrovoľní 
100 1 |a Brozmanová Gregorová, Alžbeta 
700 1 |a Jusko, Peter